000 02730cam a2200289 4500500
005 20260111110948.0
041 _afre
042 _adc
100 1 0 _ade Taisne, Geneviève
_eauthor
245 0 0 _aDes maux de la tristesse aux mots de la vie
260 _c2010.
500 _a34
520 _aLa fatigue fait partie de notre vie quotidienne. Elle est un signal d’alarme de l’épuisement. Elle peut être aussi un symptôme qui nous renvoie aux premières relations entre l’enfant et sa mère. Elle fait appel à la notion de handling développée par Winnicott. Ces personnes ont manqué de l’attention nécessaire pour investir leur propre personnalité et leur vie. Elles protègent leur sentiment de vide intérieur par un halo de fatigue qui leur sert de holding ou de moi-peau. Le transfert sert d’étayage à ce défaut de narcissisation et l’image permet la représentation et le déploiement de ces sensations.
520 _aFrom sadness words to life words Fatigue is part of our daily life. It’s a signal of exhaustion. It might also be a symptom linked to primary relationships between the child and his mother. It’s related to to the idea of « Handling » as developed by Winnicott. These people missed the attention necessary for the process of embodying one’s personality and destiny. They contend with their feeling of internal vacuum by a cloud of fatigue which acts as a « holding » or « self skin. The transfer helps to build an adjustment to this deficiency in narcissisation, and the image enables the representation and the perception of these feelings.
520 _aDalle parole della tristezza alle parole della vita La stanchezza fa parte della nostra vita quotidiana. È un segnale d’allarme dell’esaurimento. Può anche essere un sintomo che ci rimanda alle prime relazioni tra il bambino e la madre. Richiama la nozione di handling sviluppata da Winnicot. Chi ne soffre è stato privo dell’attenzione necessaria per impadronirsi della sua personalità e della sua vita. Protegge il suo senso di vuoto interno con un alone di stanchezza che gli funge da holding o da io-pelle. Il transfert funge da appoggio a questo difetto di narcisizzazione e l’immagine permette la rappresentazione e l’ampliamento di queste sensazioni.
690 _aHandling
690 _aManque
690 _aReprésentation
690 _aTristesse
690 _aVide
690 _aHandling
690 _aRepresentation
690 _aSadness
690 _aVacuum
786 0 _nImaginaire & Inconscient | 25 | 1 | 2010-08-17 | p. 9-20 | 1628-9676
856 4 1 _uhttps://shs.cairn.info/revue-imaginaire-et-inconscient-2010-1-page-9?lang=fr&redirect-ssocas=7080
999 _c1631549
_d1631549